000 00631nam a22002297a 4500
003 UA-OsUOA
001 215
007 ta
008 20050525b un ||||| |||| 00| 0 ukr d
100 _aДоде Альфонс
090 _a821.133
_bД60
942 _cBK
040 _aUA-OsUOA
_bukr
_cUA-OsUOA
_dUA-OsUOA
245 _aКаролі у вигнанні
_bПаризький роман. Пер. з фр.
300 _a279 с.
955 _a3
041 _aukr
080 _a821.133
260 _aК.
_bДніпро
_c1971
650 7 _a82 Література. Літературознавство
_2UDC
999 _c286379
_d286379